Miasta w Kolumbii - Nagła Śmierć - Statystyki

Ogólne statystyki
  • Ten quiz został rozwiązany 32 razy
    17 od ostatniego zresetowania
  • Średni wynik to 4 z 20
Answers on the Grid
Answers color-coded by a green-red scale on the quiz's grid according to % correct below.
Armenia
Barranquilla
Bogotá
Bucaramanga
Buena Vista
Buenaventura
Cali
Caracas
Cartagena
Colón
Cúcuta
David
Esmeraldas
Guayaquil
Ibagué
Iquitos
Leticia
Manaus
Maracaibo
Maturín
Medellín
Mérida
Montería
Neiva
Pasto
Piura
Popayán
Quito
Santa Marta
Santo Domingo
Tabatinga
Tulcán
Tunja
Valledupar
Villavicencio
Yopal
 
Statystyki odpowiedzi
Odpowiedź % Poprawnych
Bogotá
71%
Barranquilla
57%
Cali
57%
Medellín
57%
Bucaramanga
43%
Cartagena
43%
Buenaventura
29%
Armenia
14%
Cúcuta
14%
Popayán
14%
Santa Marta
14%
Yopal
14%
Ibagué
0%
Leticia
0%
Montería
0%
Neiva
0%
Pasto
0%
Tunja
0%
Valledupar
0%
Villavicencio
0%
Nie znaleziono quizów pasujących do podanych kryteriów
Rozkład punktacji
Procent ludzi z każdym wynikiem
Percentyl według liczby udzielonych odpowiedzi
Twoja historia wyników
Nie rozwiązałeś tego quizu od ostatniego zresetowania